Facultad de Derecho – Universidad Nacional de Mar del Plata

Revista de Derecho Publico (Record no. 2713)

MARC details
000 -CABECERA
campo de control de longitud fija 00531nam a2200157 4500
020 ## - NUMERO INTERNACIONAL NORMALIZADO PARA LIBROS (ISBN)
International Standard Book Number 9789873001123
080 ## - NUMERO DE CLASIFICACION DECIMAL UNIVERSAL (CDU)
Número de la Clasificación Decimal Universal 349.6 R 327
100 ## - ASIENTO PRINCIPAL--NOMBRE PERSONAL
Nombre personal Hutchinson, Tomas (dirtector)
245 ## - MENCION DE TITULO
Título propiamente dicho Revista de Derecho Publico
Parte restante del título derecho ambiental III
260 ## - PUBLICACION, DISTRIBUCION, ETC. (PIE DE IMPRENTA)
Lugar de publicación, distribución, etc. Buenos Aires
Nombre del editor, distribuidor, etc. Rubinzal Culzoni
Fecha de publicación, distribución, etc. 2010
300 ## - DESCRIPCION FISICA
Extensión 728 p.
490 ## - MENCION DE SERIE
Mención de serie derecho ambiental
Designación numérica/secuencial del volumen III 2010-1
650 ## - ASIENTO SECUNDARIO DE MATERIA - TERMINO TEMATICO
Subdivisión general derecho ambiental
-- derecho publico
-- areas protegidas
-- proteccion de la fauna
-- faltas ambientales
-- urbanismo
-- residuos
942 ## - ELEMENTOS AGREGADOS (KOHA)
Clasificación normalizada de Koha para alfabetizar _
945 ## - INFORMACION DE PROCESAMIENTO LOCAL
Responsable de carga/modificación Sabrina Cecilia Abram
AAAA-MM-DD - Fecha de ingreso/modificación 2014-11-17
Holdings
Retirado Perdido Fuente de clasificación Dañado No se presta Ubicación permanente Locación actual Estante o sala Fecha de adquisición Fuente de adquisición Total préstamos Signatura topográfica Inventario Ultima fecha vista Ultima fecha prestado Fecha del precio Tipo de item de Koha
          Bib. Derecho Bib. Derecho Sala de Lectura 17/11/2014 Biblioteca Central 1 349.6 R 327 534 07/12/2016 30/11/2016 17/11/2014 Publicación periódica

XHTML | CSS | ©Biblioteca Central - Dto. Tecnología de la Información - [ Con tecnología Koha ]